书目信息 |
| 题名: |
混凝土小型空心砌块生产技术
|
|
| 作者: | 孙惠镐 编著 | |
| 分册: | ||
| 出版信息: | 北京 中国建材工业出版社 2001.10 |
|
| 页数: | 206页 | |
| 开本: | 26cm | |
| 丛书名: | ||
| 单 册: | ||
| 中图分类: | TU522.3 | |
| 科图分类: | ||
| 主题词: | 建筑材料:非金属材料 | |
| 电子资源: | ||
| ISBN: | 7-80159-184-4 | |
| 000 | 00589nam0 2200181 45 | |
| 001 | 0231067484 | |
| 005 | 2002040908374748 | |
| 010 | @a7-80159-184-4@dRMB 25.00 | |
| 100 | @a20020409d2001 km y0chiy0120 ea | |
| 101 | 0 | @achi |
| 200 | 1 | @a混凝土小型空心砌块生产技术@Ahun ning tu xiao xing kong xin qi kuai sheng chan ji shu@f孙惠镐等编著@FSun Hui Gao Deng Bian Zhu |
| 210 | @a北京@c中国建材工业出版社@d2001.10 | |
| 215 | @a206页@d26cm | |
| 606 | 0 | @a建筑材料:非金属材料 |
| 690 | @aTU522.3@v3 | |
| 701 | 0 | @a孙惠镐@ASun Hui Gao@4编著 |
| 801 | 0 | @aCN@bPFT@c20020409 |
| 905 | @a10447@dTU522.3@eS921 | |
| 混凝土小型空心砌块生产技术/孙惠镐等编著.-北京:中国建材工业出版社,2001.10 |
| 206页;26cm |
| ISBN 7-80159-184-4:RMB 25.00 |
| ● |
| 相关链接 |
|
|
|
正题名:混凝土小型空心砌块生产技术
索取号:TU522.3/S921
 
预约/预借
| 序号 | 登录号 | 条形码 | 馆藏地/架位号 | 状态 | 备注 |
| 1 | 356615 | 203566159 | 建筑库201/201建筑库 8排3列1层/ [索取号:TU522.3/S921] | 在馆 | |
| 2 | 356616 | 203566168 | 建筑库201/201建筑库 7排1列4层/ [索取号:TU522.3/S921] | 在馆 |